000 00747cab a2200193 4500
001 L136365
008 070129n2007 000 0 eng u
035 _a(Sirsi) u136365
041 0 _aeng
100 1 _aFisher, Anthony
245 0 0 _aREITs on the rise
260 _c2007
490 0 _aRICS Business
_vJanuary 2007, 31(1)
520 _aDiscusses the effects the introduction of REITs in the UK will have on the European property market. Predicts that REITs will help facilitate a high-quality residential letting market and offer the prospect of boosting house building over the longer term.
590 _aKA
651 4 _aUnited Kingdom
_y
690 _aPROPERTY-PROPERTY FINANCE AND INVESTMENT-REAL ESTATE INVESTMENT TRUSTS
942 _n0
999 _c78256
_d78256